Primer seminario internacional sobre aspectos legales de la privatización y la desregulación (Registro nro. 8527)

Detalles MARC
000 -LEADER
fixed length control field 00759nas a2200205 454500
001 - CONTROL NUMBER
control field 19388
005 - DATE AND TIME OF LATEST TRANSACTION
control field 20260407193505.0
008 - FIXED-LENGTH DATA ELEMENTS--GENERAL INFORMATION
fixed length control field 260407s1989####ag###########|||spa#d
003 - CONTROL NUMBER IDENTIFIER
control field AR-UNSa-BCEJYS
040 ## - CATALOGING SOURCE
Original cataloging agency AR-UNSa-BCEJYS
Language of cataloging spa
Transcribing agency AR-UNSa-BCEJYS
080 ## - UNIVERSAL DECIMAL CLASSIFICATION NUMBER
Universal Decimal Classification number 35
Common auxiliary subdivision Administración Pública
245 10 - TITLE STATEMENT
Title Primer seminario internacional sobre aspectos legales de la privatización y la desregulación
264 #1 - PRODUCTION, PUBLICATION, DISTRIBUTION, MANUFACTURE, AND COPYRIGHT NOTICE
Place of production, publication, distribution, manufacture Buenos Aires :
Name of producer, publisher, distributor, manufacturer Ciencias de la Administración
Date of production, publication, distribution, manufacture, or copyright notice 1989
310 ## - CURRENT PUBLICATION FREQUENCY
Current publication frequency Frecuencia:<br/>
590 ## - LOCAL NOTE (RLIN)
Local note niveau_biblio:s niveau_hierar:1
650 ## - SUBJECT ADDED ENTRY--TOPICAL TERM
Topical term or geographic name entry element ADMINISTRACION PUBLICA
650 ## - SUBJECT ADDED ENTRY--TOPICAL TERM
Topical term or geographic name entry element Privatización
856 41 - ELECTRONIC LOCATION AND ACCESS
Uniform Resource Identifier <a href="https://biblioeco.unsa.edu.ar/pmb/images/revistas/Regimen de la Administraci?n P?blica.jpg">https://biblioeco.unsa.edu.ar/pmb/images/revistas/Regimen de la Administraci?n P?blica.jpg</a>
Link text Imagen de portada
Electronic format type image/jpeg
942 ## - ADDED ENTRY ELEMENTS (KOHA)
Koha item type
Existencias
Withdrawn status Lost status Damaged status Not for loan Home library Current library Shelving location Date acquired Serial enumeration / chronology Total checkouts Full call number Barcode Date last seen Price effective from Koha item type
        Biblioteca Prof. Eusebio Cleto del Rey Biblioteca Prof. Eusebio Cleto del Rey   01/08/1989 ago. 1989   H35 PRI 1989 R08543 10/04/2026 10/04/2026 Numero